A new manual of method (Record no. 185879)
[ view plain ]
| 000 -LEADER | |
|---|---|
| fixed length control field | 00797 a2200169 4500 |
| 003 - CONTROL NUMBER IDENTIFIER | |
| control field | Nust |
| 005 - DATE AND TIME OF LATEST TRANSACTION | |
| control field | 20170207153425.0 |
| 040 ## - CATALOGING SOURCE | |
| Transcribing agency | Nust |
| 082 ## - DEWEY DECIMAL CLASSIFICATION NUMBER | |
| Classification number | 371.62 |
| 100 ## - MAIN ENTRY--PERSONAL NAME | |
| Personal name | A. H. Garlick |
| 245 ## - TITLE STATEMENT | |
| Title | A new manual of method |
| Remainder of title | Manual of Method |
| Statement of responsibility, etc. | A.H.Garlick, |
| 260 ## - PUBLICATION, DISTRIBUTION, ETC. | |
| Place of publication, distribution, etc. | New York |
| Name of publisher, distributor, etc. | Longs man |
| Date of publication, distribution, etc. | 1916 |
| 300 ## - PHYSICAL DESCRIPTION | |
| Extent | 378,p; |
| 505 ## - FORMATTED CONTENTS NOTE | |
| Formatted contents note | School Economy (Page-1) Discipline (Page-12) Classification (page-38) Method (page-48) Method .Class Teaching (Page-57) Object Lessons (Page-66) Kindergarten (page-79) Arithmetic (Page-91) Reading (page-153) Spelling (page-184) Writing (Page-195) Geography (Page-217) History (Page-258) English (Page-277) Difference Between Object lessons and Elementary Science (Page-308) Music (Page-316) |
| 538 ## - SYSTEM DETAILS NOTE | |
| System details note | Almirah No.55, Shelf No.3 |
| 650 ## - SUBJECT ADDED ENTRY--TOPICAL TERM | |
| Topical term or geographic name entry element | A new manual of method |
| 942 ## - ADDED ENTRY ELEMENTS (KOHA) | |
| Source of classification or shelving scheme | |
| Koha item type | Book |
| Withdrawn status | Lost status | Source of classification or shelving scheme | Damaged status | Not for loan | Collection code | Permanent Location | Current Location | Date acquired | Total Checkouts | Full call number | Barcode | Date last seen | Price effective from | Koha item type |
|---|---|---|---|---|---|---|---|---|---|---|---|---|---|---|
| Military College of Signals (MCS) | Military College of Signals (MCS) | 12/12/2016 | 371.62 GAR | MCS29783 | 12/08/2016 | 12/12/2016 | Book |
